000 00765nas a2200265 4500
001 BR0203362
003 BR-BrBNA
005 20231205103100.0
007 ta
008 230509b bl.|||p| |||| 00| 00por d
040 _aBR-BrBNA
_bpor
_cBiblioteca Nacional de Agricultura
041 _a(Pt)
072 _aL73
100 1 _aOliveira, S.R.
245 1 _aDoença de Clässer
650 _aMENINGITE
650 _aDOENÇA DE GLÄSSER
650 _aBACTÉRIA
650 _aDIAGNÓSTICO
650 _aANÁLISE BACTERIOLÓGICA
650 _aEPIDEMIOLOGIA
773 0 _tCadernos Técnicos da Escola de Veterinária da UFMG (Brazil)
_xISSN 0102-7123
_g(Feb 1999), no. 26 p. 5-14
_wBR0203362
909 _a202311
_bLúcia
_c55
_dLúcia Elande
942 _2AGRIS
_n0
_cANA
999 _c170962
_d170962